Antenna Theory Analysis and Design 3 rd ed (Record no. 58730)

MARC details
000 -LEADER
fixed length control field 00392pam a2200145 a 4500
020 ## - INTERNATIONAL STANDARD BOOK NUMBER
International Standard Book Number 9788126524228
Terms of availability
041 ## - LANGUAGE CODE
Language code of original
082 ## - DEWEY DECIMAL CLASSIFICATION NUMBER
Classification number 621.3824
Item number BAL
100 ## - MAIN ENTRY--PERSONAL NAME
Personal name Balani C,
Relator term Author .
245 ## - TITLE STATEMENT
Title Antenna Theory Analysis and Design 3 rd ed
Medium Textual Documents
250 ## - EDITION STATEMENT
Edition statement 3 rd ed .
260 ## - PUBLICATION, DISTRIBUTION, ETC.
Place of publication, distribution, etc. New Delhi:
Name of publisher, distributor, etc. Wiley India Pvt. Ltd.,
Date of publication, distribution, etc. 2005.
300 ## - PHYSICAL DESCRIPTION
Extent xvii:
Other physical details 1117;
Dimensions 23*18.
930 ## - EQUIVALENCE OR CROSS-REFERENCE-UNIFORM TITLE HEADING [LOCAL, CANADA]
Uniform title 15509
Holdings
Withdrawn status Lost status Damaged status Not for loan Collection Home library Current library Shelving location Date acquired Source of acquisition Cost, normal purchase price Total Checkouts Full call number Barcode Date last seen Date last checked out Copy number Price effective from Koha item type
        EWP College of Engineering for Women, Pune College of Engineering for Women, Pune WE 17/02/2015 Bharati Madhyavarti Sahakari Grahak Bhandar Ltd., 679.00 3 621.3824 BAL EWP-18106 20/09/2024 13/09/2024 3 24/02/2023 Book
        EWP College of Engineering for Women, Pune College of Engineering for Women, Pune WE 17/02/2015 Bharati Madhyavarti Sahakari Grahak Bhandar Ltd., 679.00 5 621.3824 BAL EWP-18105 21/08/2024 20/08/2024 2 24/02/2023 Book
        EWP College of Engineering for Women, Pune College of Engineering for Women, Pune WE 17/02/2015 Bharati Madhyavarti Sahakari Grahak Bhandar Ltd., 679.00   621.3824 BAL EWP-18104 24/02/2023   1 24/02/2023 Book